000 00463nam a2200181Ia 4500
001 20224
005 20260306172750.0
008 260306t2017||||xx |||||||||||||| ||spa||
041 _aESP
082 _a343
_bP59 2017
100 _aPinheiro Ferreira, Silvestre,
_eAUT
245 0 _aCompendio de derecho público interno y externo
260 _c2017
300 _axlvi, 309 páginas :
_c23 cm.
650 _aGEN
654 _aCDE
942 _cLIB
_dJUS
_fJUS
_2ddc
_n
999 _c20224
_d20224